000 01992nam a2200301 a 4500
003 BLK
005 20240611092802.0
007 ta
008 221104b bu |||||r|||| 00| | bu d
020 _a9786190401797
040 _aBLK
041 _aBUL
_cBUL
080 _9240827
_aФункционални разстройства на женските полови органи. Патология на половия живот на жената - Импотенция, фригидност, бесплодие, разстройства в менструацията и климактериума, менорагии, метрорагии, дис
_b618.17
_x-07
_z618.17-07
080 _9240828
_aФункционални разстройства на мъжките полови органи - импотенция, сперматорея, дисперматизъм, аспермия, полови неврози, климактеричен период у мъжа, фертилитет, безплодие и др.
_b616.69
_x-07
_z616.69-07
084 _aФ 55
100 _9492985
_aФинчам, Анита
245 _aПътят към родителството
_bТвоят лесен пътеводител за фертилността
_c Анита Финчам и др. ; ил. Маргарита Волкова
260 _9219492
_aСофия
_bИзд. авт.
_c2024
300 _a156 с.
_bс цв. ил.
_c20 см
380 _a61
500 _aКор. опис. Други авт.: Марта Горна, Донка Куцарова, Петра Лабура, Ирина Попова, Бояна Сантич Рец.: Мариела Даскалова
650 0 _9287020
_aБезплодие - при жените
650 0 _9291416
_aБезплодие - при мъжете
700 _9492986
_aВолкова, Маргарита
856 _i0.00
_ldisable
942 _cKNG
_n0
944 _a30550
_cКети Илиева
_k30550
_lКети Илиева
999 _c511829
_d511829